000 00551nam a2200193Ia 4500
003 GCL
008 140319s9999 xx 000 0 ara d
040 _aGCL /
_cGCL
082 0 4 _a239.9
_bم ث
100 1 _aمحمد التيجانى السماوى
245 1 0 _aثم اهتـديت /
_cمحمد التيجانى السماوى
260 _a[S.N] :
_bمؤسسة الفجر ،
_c1989
300 _a222 ص
490 _a
650 0 4 _aالاسلام
650 0 4 _aالتوبة
650 0 4 _aالصحابة والتابعون
942 _2ddc
_cBK
999 _c55707
_d55707